000 00494nam a2200181Ia 4500
005 20250326124715.0
008 250326s9999 xx 000 0 und d
037 _aTextbook
040 _aFMSL
_beng
_cFMSL
041 _aeng
_2eng
084 _aX:89A K43;1
_qFMSL
100 _aMilward G E
245 0 _aApplications of O & M
_cMilward G E
260 _aLondon
_bLondon, Macdonald And Evans
_c1964
300 _a200p
942 _cTB
_hX:89A K43;1
999 _c1274849
_d1274849